00706nab a2200205 uc450000100070000000500170000700800410002403500110006503500210007604000130009704100080011010000350011824500660015365000370021965000190025665000330027565000240030870000360033277301320036876074420240201183409.0020712e20010701 eng  a760744 a(OCoLC)819980365 ccomduadb aeng10aPerez Magrane, Ramon4auteaut10aParameter error detection in water distribution system models aSistemas expertos (computadores) aModelización aEstimación de parámetros aRedes hidráulicas10aQuevedo Casin, Joseba4auteaut0 tIngeniería Electrónica, Automática y Comunicaciones (La Habana)gVol. 22, No. 03, 2001, p. 33-37w99318x0258-5944090531